" Lối xưa xe ngựa..."

Tác giả là người quốc tịch Pháp, gốc Việt, chuyên khảo về lịch sử. Tác phẩm sao lục nhiều cứ liệu về lịch sử Việt Nam dưới nhiều hình thức biểu hiện khác nhau với văn phong cổ kính

Gespeichert in:
Bibliographische Detailangaben
1. Verfasser: Nguyễn Thị Chân Quỳnh
Format: Buch
Sprache:Undetermined
Veröffentlicht: Hà Nội Nxb. Văn Nghệ Tp. HCM 2000
Schlagworte:
Tags: Tag hinzufügen
Keine Tags, Fügen Sie den ersten Tag hinzu!
Thư viện lưu trữ: Trung tâm Học liệu Trường Đại học Cần Thơ
LEADER 00811nam a2200181Ia 4500
001 CTU_42909
008 210402s9999 xx 000 0 und d
082 |a 959.7 
082 |b Ch121 
100 |a Nguyễn Thị Chân Quỳnh 
245 0 |a " Lối xưa xe ngựa..." 
245 0 |c Nguyễn Thị Chân Quỳnh 
260 |a Hà Nội 
260 |b Nxb. Văn Nghệ Tp. HCM 
260 |c 2000 
520 |a Tác giả là người quốc tịch Pháp, gốc Việt, chuyên khảo về lịch sử. Tác phẩm sao lục nhiều cứ liệu về lịch sử Việt Nam dưới nhiều hình thức biểu hiện khác nhau với văn phong cổ kính 
650 |a vietnam - history 
980 |a Trung tâm Học liệu Trường Đại học Cần Thơ